[Event "New Delhi Parsvnath op-C 17th"]
[Site "New Delhi"]
[Date "2019.01.13"]
[Round "2.4"]
[White "Indrajeet, Kumar"]
[Black "Anzar, Ahmad Khan"]
[Result "1-0"]
[WhiteElo "1299"]
[BlackElo "1494"]
[PlyCount "73"]
[EventDate "2019.01.13"]
[EventType "swiss"]
[EventRounds "10"]
[EventCountry "IND"]
[SourceTitle "EXT 2024"]
[Source "ChessBase"]
[SourceDate "2023.10.10"]
[SourceVersion "1"]
[SourceVersionDate "2023.10.10"]
[SourceQuality "1"]

1. d4 Nf6 2. Nf3 e6 3. c4 c6 4. Nc3 d5 5. Bg5 Be7 6. e3 Nbd7 7. Bd3 h6 8. Bf4 Nh5 9. Be5 Nhf6 10. h3 Nxe5 11. Nxe5 a6 12. 0-0 Bd6 13. Nf3 0-0 14. Re1 Re8 15. Rc1 Bd7 16. e4 dxe4 17. Bxe4 Nxe4 18. Nxe4 Bf8 19. Qb3 b5 20. Ne5 f5 21. Ng3 Rc8 22. c5 Rc7 23. Nxf5 Bc8 24. Rcd1 Qf6 25. Ng3 Rd8 26. Re3 Rd5 27. Rf3 Qd8 28. Ng6 Bxc5 29. Re1 Be7 30. h4 Bf6 31. h5 Rxd4 32. Ne4 Rf7 33. Nc5 Qd5 34. Nxe6 Bxe6 35. Rxe6 Re4 36. Rxe4 Qxe4 37. Re3 1-0